Human resource management : (Record no. 171187)
[ view plain ]
| 000 -LEADER | |
|---|---|
| fixed length control field | 01075nam a22002777a 4500 |
| 003 - CONTROL NUMBER IDENTIFIER | |
| control field | OSt |
| 005 - DATE AND TIME OF LATEST TRANSACTION | |
| control field | 20250124112335.0 |
| 008 - FIXED-LENGTH DATA ELEMENTS--GENERAL INFORMATION | |
| fixed length control field | 250124b |||||||| |||| 00| 0 eng d |
| 020 ## - INTERNATIONAL STANDARD BOOK NUMBER | |
| International Standard Book Number | 9781265064013 (paperback) |
| 040 ## - CATALOGING SOURCE | |
| Original cataloging agency | NUST |
| Language of cataloging | eng |
| Transcribing agency | NUST |
| Modifying agency | NUST |
| Description conventions | rda |
| 050 ## - LIBRARY OF CONGRESS CALL NUMBER | |
| Classification number | HF5549.2 NOE |
| 100 ## - MAIN ENTRY--PERSONAL NAME | |
| Personal name | Noe, Raymond A., author |
| Relator term | Author |
| 245 ## - TITLE STATEMENT | |
| Title | Human resource management : |
| Remainder of title | gaining a competitive advantage / |
| Statement of responsibility, etc. | Raymond A. Noe, John R. Hollenbeck, Barry Gerhart, Patrick M. Wright, |
| 250 ## - EDITION STATEMENT | |
| Edition statement | Thirteenth edition. |
| 260 ## - PUBLICATION, DISTRIBUTION, ETC. | |
| Place of publication, distribution, etc. | Dubuque : |
| Name of publisher, distributor, etc. | McGraw-Hill Education, |
| Date of publication, distribution, etc. | 2023. |
| 300 ## - PHYSICAL DESCRIPTION | |
| Extent | xxxvii, 791 pages : |
| Other physical details | Illustrations ; |
| Dimensions | 28 cm. |
| 336 ## - CONTENT TYPE | |
| Source | rdamedia |
| Content type term | text |
| Content type code | txt |
| 337 ## - MEDIA TYPE | |
| Source | rdamedia |
| Media type term | unmediated |
| Media type code | n |
| 338 ## - CARRIER TYPE | |
| Source | rdamedia |
| Carrier type term | volume |
| Carrier type code | nc |
| 504 ## - BIBLIOGRAPHY, ETC. NOTE | |
| Bibliography, etc. note | Includes bibliographical references and indexes. |
| 650 ## - SUBJECT ADDED ENTRY--TOPICAL TERM | |
| Form subdivision | Personnel management -- United States. |
| 700 ## - ADDED ENTRY--PERSONAL NAME | |
| Personal name | Hollenbeck, John R. |
| Relator term | Author |
| 700 ## - ADDED ENTRY--PERSONAL NAME | |
| Personal name | Gerhart, Barry A. |
| Relator term | Author |
| 700 ## - ADDED ENTRY--PERSONAL NAME | |
| Personal name | Wright, Patrick M. |
| Relator term | Author |
| 942 ## - ADDED ENTRY ELEMENTS (KOHA) | |
| Source of classification or shelving scheme | Library of Congress Classification |
| Koha item type | Ordinary Loan Books |
| Edition | Thirteenth edition. |
| Classification part | HF5549.2 NOE |
| Call number prefix | HF |
| Call number suffix | NOE |
| Suppress in OPAC | No |
| Withdrawn status | Lost status | Source of classification or shelving scheme | Damaged status | Not for loan | Collection | Home library | Current library | Shelving location | Date acquired | Source of acquisition | Cost, normal purchase price | Total Checkouts | Full call number | Barcode | Date last seen | Accession number | Cost, replacement price | Price effective from | Koha item type | Public note |
|---|---|---|---|---|---|---|---|---|---|---|---|---|---|---|---|---|---|---|---|---|
| LCC | NFIC | MAIN | MAIN | GEN | 01/24/2025 | Purchase | 57.00 | HF5549.2 NOE | 92004056466 | 01/24/2025 | 25/01 | 57.00 | 01/24/2025 | BOOKS | Purchase | |||||
| LCC | NFIC | MAIN | MAIN | GEN | 01/24/2025 | Purchase | 57.00 | HF5549.2 NOE | 92004056603 | 01/24/2025 | 25/02 | 57.00 | 01/24/2025 | BOOKS | Purchase |